Language Quiz

Random Language or French Quiz

AP French Language- Disaster Vocabulary Quiz Stats

 Plays Quiz not verified by Sporcle

Challenge
Share
Tweet
Embed
Score 0/15 Timer 02:00
0 Plays Today
English French % Correct
Windle vent
67.8%
Accidentl'accident
67.1%
Volcanole volcan
63%
Cyclonele cyclone
55.5%
Avalanchel'avalanche
47.9%
Tornadola tornade
46.6%
To freezegeler
43.8%
Wavela vague
42.5%
English French % Correct
Plane crashl'accident d'avion
38.4%
Storm l'orage
38.4%
Earthquakele tremblement de terre
34.2%
Thunderle tonnerre
28.1%
Hurricanel'ouragan
27.4%
Floodl'innondation
21.2%
Lightningles eclairs
14.4%

You're not logged in!

Compare scores with friends on all Sporcle quizzes.
Join for Free
OR
Log In

You Might Also Like...

Show Comments

Extras

Top Quizzes Today


Score Distribution

Your Account Isn't Verified!

In order to create a playlist on Sporcle, you need to verify the email address you used during registration. Go to your Sporcle Settings to finish the process.

Report this User

Report this user for behavior that violates our Community Guidelines.

Details: